000 00412nam a2200157 i 4500
001 bg
100 1 _aKRAL, Leon
245 0 _aElementy budownictwa przemysłowego.
_nT. 2,
_pBudowle specjalne /
_cLeon Kral.
260 _aŁódź,
_c1973.
650 9 _aBudownictwo przemysłowe
655 _aPodręczniki akademickie
040 _cBPK
041 _apol
942 _cKS
008 s pl f |000 0 pol
999 _c193
_d193
856 _uhttp://koha.tu.koszalin.pl/cgi-bin/koha/opac-detail.pl?biblionumber=193
_yKatalog online BPK